Regression Analysis. : Theory, Methods, and Applications

Enregistré dans:
Détails bibliographiques
Auteurs principaux: Sen, Ashish (Auteur), Srivastava, Muni (Auteur)
Format: Livre
Langue:anglais
Publié: New York : Springer Verlag, 1990
Tags: Ajouter un tag
Pas de tags, Soyez le premier à ajouter un tag!

MARC

LEADER 00000nam a22000003a 4500
001 stu24972
005 20150617225742.5
008 980226s1990------------------------eng-d
020 |a 0-387-97211-0 
040 |a STU  |b slo 
041 0 |a eng 
080 |a 519.233.5 
100 1 |a Sen, Ashish  |4 aut 
245 1 |a Regression Analysis. :  |b Theory, Methods, and Applications 
260 |a New York :  |b Springer Verlag,  |c 1990 
300 |a 347 s 
700 1 |a Srivastava, Muni  |4 aut 
996 |b C95250  |c C*95250  |l CCVII  |s P  |a 0  |w stu24972_0001